00931 2200325 4500001002100000005001500021035002000036007000300056008004100059020002200100040002200122082001600144084001800160090002200178090002200200100003000222245006800252250003200320300004200352650001300394650001600407850001200423041000800435504002900443264003700472336002100509337003000530338002300560990002200583INLIS00000000084749420190520112614 a0010-0519000829ta190520s2012 yoia g ind d a978-602-225-366-2 aYOPDYOGbinderda04223a004.678 a004.678 ARI e aDEP 004.678 ARI e aCB-D.11 2012-29780 aArista Atmadjatiepenulis10aEra maskapai saat ini website base /cpenulis, Arista Atmadjati aCetakan pertama, April 2012 axx, 252 halaman :bilustrasi ;c19 cm 4aInternet 4aPenerbangan aYOPDYOG0 aind aBibliografi: halaman 249 1aYogyakarta :bLeutikaprio,c2012 2rdacontentateks 2rdamediaatanpa perantara 2rdacarrieravolume aCB-D.11/2012-2978